Elementos de política en America Latina /

Kaydedildi:
Detaylı Bibliyografya
Yazar: Gallardo Martínez, Helio, 1942-
Materyal Türü: Bilinmiyor
Dil:Spanish
Baskı/Yayın Bilgisi: San José, Costa Rica : DEI, 1986.
Seri Bilgileri:(Colección universitaria)
Konular:
Etiketler: Etiketle
Etiket eklenmemiş, İlk siz ekleyin!

MARC

LEADER 000000000a22000000004500
001 003755
020 |a 9977904367 
041 0 |a spa 
082 0 4 |a 329   |b G168e 
100 1 |a Gallardo Martínez, Helio,   |d 1942- 
245 1 0 |a Elementos de política en America Latina /   |c Helio Gallardo Martínez. 
260 1 |a San José, Costa Rica :   |b DEI,   |c 1986. 
300 |a 267 páginas 
490 1 |a (Colección universitaria) 
650 4 |a AMERICA LATINA 
650 4 |a POLITICA 
999 |c 10186  |d 10186 
942 |c BK  |h 329 G168e  |2 z